[Event "GER-chT U14"]
[Site "Verden an der Aller"]
[Date "2017.12.29"]
[Round "5.2"]
[White "Rajendram, Reanosh"]
[Black "Marx, Benedikt"]
[Result "0-1"]
[WhiteElo "1626"]
[BlackElo "1387"]
[PlyCount "64"]
[EventDate "2017.12.26"]
[EventType "team-swiss"]
[EventRounds "7"]
[EventCountry "GER"]
[SourceTitle "CBM 182 Extra"]
[Source "ChessBase"]
[SourceDate "2018.02.23"]
[SourceVersion "1"]
[SourceVersionDate "2018.02.23"]
[SourceQuality "1"]
[WhiteTeam "Aurich"]
[BlackTeam "Bebenhausen"]
[WhiteTeamCountry "GER"]
[BlackTeamCountry "GER"]

1. e4 e5 2. Bc4 Nf6 3. d3 h6 4. Nf3 d6 5. c3 Be6 6. Bb3 Nbd7 7. Nbd2 Be7 8. h3 0-0 9. Nf1 Re8 10. g4 Nh7 11. Ng3 Rb8 12. Nf5 Bf6 13. h4 a6 14. Bxe6 fxe6 15. Nxh6+ gxh6 16. Bxh6 Re7 17. g5 Bg7 18. Nh2 Bxh6 19. gxh6 Ndf6 20. Rg1+ Kh8 21. Rg6 Qd7 22. Ng4 Rf8 23. Qe2 Qe8 24. Rg7 Rxg7 25. hxg7+ Kxg7 26. 0-0-0 Kh8 27. Nxf6 Nxf6 28. Qe3 Nh7 29. Qg3 Qf7 30. Kb1 Qxf2 31. Qg6 Qf6 32. Qh5 Qf3 0-1